Logo BPK

Bibliografia Prac Pracowników

Politechniki Koszalińskiej

Montaż okien i drzwi balkonowych z PCW / (Rekord nr 9643)

Szczegóły MARC
000 -ETYKIETA REKORDU
podpole kontrolne o stałej długości 00748naa a2200157 i 4500
001 - NUMER KONTROLNY REKORDU
podpole kontrolne 9643
003 - IDENTYFIKATOR NUMERU KONTROLNEGO REKORDU
podpole kontrolne KOSZ 005
005 - DATA OSTATNIEJ MODYFIKACJI REKORDU
podpole kontrolne 20180405111104.0
008 - POLE O STAŁEJ DŁUGOŚCI - DANE KONTROLNE
podpole kontrolne o stałej długości 180405s2001 pl | | |000 ||pol d
040 ## - ŹRÓDŁO KATALOGOWANIA
Instytucja, która utworzyła rekord KOSZ 005/HR
Instytucja, która sporządziła opis KOSZ 005/HR
100 1# - NAZWA OSOBOWA
Nazwa osobowa MACIEIK, Lesław.
Lata pracy 1996 - 2003.
Instytucja Politechnika Koszalińska - Wydział Budownictwa i Inżynierii Środowiska,
Wydział Katedra Budownictwa i Materiałów Budowlanych
245 10 - TYTUŁ/ODPOWIEDZIALNOŚĆ
Tytuł Montaż okien i drzwi balkonowych z PCW /
Pozostałe elementy strefy tytułu i oznaczenia odpowiedzialności Lesław Macieik, Jacek Katzer.
700 ## - HASŁO DODATKOWE - NAZWA OSOBOWA
Nazwa osobowa KATZER, Jacek.
Instytucja Politechnika Koszalińska - Wydział Budownictwa i Inżynierii Środowiska,
Wydział Katedra Budownictwa i Materiałów Budowlanych
Lata pracy 1999 - 2012.
773 0# - TYTUŁ DOKUMENTU MACIERZYSTEGO
Wyrażenie wprowadzające W :
Tytuł Okno. -
Informacje dotyczące relacji 2001, nr 3, s. 88-94.
ISSN 1234-9747
942 ## - HASŁO DODATKOWE - ELEMENTY(KOHA)
Typ dokumentu Artykuł
Schemat klasyfikacji Uniwersalna klasyfikacja dziesiętna

Brak dostępnych egzemplarzy.

© 2014 Biblioteka Politechniki Koszalińskiej :: BIBLIOGRAFIA PRAC PRACOWNIKÓW